The Black Condition : (Record no. 611165)

MARC details
000 -LEADER
fixed length control field 00521nam a2200193 a 4500
008 - FIXED-LENGTH DATA ELEMENTS--GENERAL INFORMATION
fixed length control field 260207s2009##################000#0#eng##
020 ## - INTERNATIONAL STANDARD BOOK NUMBER
ISBN 9780870138386
082 04 - DEWEY DECIMAL CLASSIFICATION NUMBER
Classification number 305.896
Item number DOD
100 1# - MAIN ENTRY--AUTHOR NAME
Personal name Dodson, Howard,
245 10 - TITLE STATEMENT
Title The Black Condition :
260 ## - PUBLICATION, DISTRIBUTION, ETC. (IMPRINT)
Name of publisher Schomburg Studies on the Black,
Year of publication 2009.
300 ## - PHYSICAL DESCRIPTION
Number of Pages 304 pages
650 #0 - SUBJECT ADDED ENTRY--TOPICAL TERM
Topical Term Biography & Autobiography.
942 ## - ADDED ENTRY ELEMENTS (KOHA)
Koha item type English Books

No items available.

Find us on the map